Combien de ville de la Sarthe (72) connais-tu ? - Statistiques

Statistiques générales
  • Ce quiz a été pris 38 fois
  • Le résultat moyen est 29 sur 354
Statistiques - réponses
Code postal Ville % Correct
72100 Le Mans
93%
72200 La Flèche
77%
72700 Allonnes
57%
72033 Sablé-sur-Sarthe
53%
72033 Mamers
50%
72230 Arnage
47%
72220 Mulsanne
47%
72250 Parigné-l'Évêque
43%
72190 Coulaines
40%
72401 La Ferté-Bernard
40%
72540 Loué
40%
72530 Yvré-l'Évêque
40%
72210 La Suze-sur-Sarthe
37%
72650 Saint-Saturnin
37%
72160 Connerré
33%
72650 La Bazoge
33%
72650 La Chapelle-Saint-Aubin
33%
72350 Brûlon
27%
72560 Changé
27%
72800 Le Lude
27%
72700 Rouillon
27%
72120 Saint-Calais
27%
72033 Sillé-le-Guillaume
27%
72700 Spay
27%
72650 Aigné
23%
72470 Champagné
23%
72240 Conlie
23%
72130 Fresnay-sur-Sarthe
23%
72230 Guécélard
23%
72510 Mansigné
23%
72190 Neuville-sur-Sarthe
23%
72230 Ruaudin
23%
72700 Saint-Georges-du-Bois
23%
72190 Sargé-lès-le-Mans
23%
72290 Ballon-Saint Mars
20%
72170 Beaumont-sur-Sarthe
20%
72110 Bonnétable
20%
72240 Domfront-en-Champagne
20%
72220 Écommoy
20%
72550 Fay
20%
72650 La Milesse
20%
72550 La Quinte
20%
72200 Le Bailleul
20%
72210 Louplande
20%
72270 Malicorne-sur-Sarthe
20%
72510 Pontvallain
20%
72190 Saint-Pavace
20%
72460 Savigné-l'Évêque
20%
72460 Sillé-le-Philippe
20%
72290 Souligné-sous-Ballon
20%
72650 Trangé
20%
72200 Clermont-Créans
17%
72550 Coulans-sur-Gée
17%
72230 Moncé-en-Belin
17%
72700 Pruillé-le-Chétif
17%
72210 Roëzé-sur-Sarthe
17%
72380 Sainte-Jamme-sur-Sarthe
17%
72220 Saint-Gervais-en-Belin
17%
72470 Saint-Mars-la-Brière
17%
72500 Vaas
17%
72330 Yvré-le-Pôlin
17%
72540 Chassillé
13%
72210 Chemiré-le-Gaudin
13%
72110 Courcemont
13%
72550 Degré
13%
72470 Fatines
13%
72540 Joué-en-Charnie
13%
72380 Joué-l'Abbé
13%
72380 La Guierche
13%
72240 Lavardin
13%
72260 Marolles-les-Braults
13%
72360 Mayet
13%
72380 Montbizot
13%
72450 Montfort-le-Gesnois
13%
72330 Oizé
13%
72330 Parigné-le-Pôlin
13%
72140 Rouez
13%
72110 Saint-Aignan
13%
72130 Saint-Léonard-des-Bois
13%
72320 Vibraye
13%
72270 Villaines-sous-Malicorne
13%
72170 Vivoin
13%
72610 Arçonnay
10%
72800 Aubigné-Racan
10%
72110 Beaufay
10%
72310 Bessé-sur-Braye
10%
72440 Bouloire
10%
72330 Cérans-Foulletourte
10%
72610 Champfleur
10%
72290 Courcebœufs
10%
72240 Cures
10%
72260 Dangeul
10%
72210 Fillé
10%
72610 Fyé
10%
72500 Jupilles
10%
72300 La Chapelle-d'Aligné
10%
72160 La Chapelle-Saint-Rémy
10%
72330 La Fontaine-Saint-Martin
10%
72220 Laigné-en-Belin
10%
72370 Le Breil-sur-Mérize
10%
72270 Mézeray
10%
72240 Mézières-sous-Lavardin
10%
72500 Montval-sur-Loir
10%
72430 Noyen-sur-Sarthe
10%
72110 Saint-Célerin
10%
72110 Saint-Cosme-en-Vairais
10%
72350 Saint-Denis-d'Orques
10%
72380 Saint-Jean-d'Assé
10%
72220 Saint-Ouen-en-Belin
10%
72360 Sarcé
10%
72210 Souligné-Flacé
10%
72240 Tennie
10%
72160 Thorigné-sur-Dué
10%
72540 Vallon-sur-Gée
10%
72130 Assé-le-Boisne
7%
72170 Assé-le-Riboul
7%
72250 Brette-les-Pins
7%
72430 Chantenay-Villedieu
7%
72510 Château-l'Hermitage
7%
72550 Chaufour-Notre-Dame
7%
72500 Chenu
7%
72400 Cherré-Au
7%
72110 Courcival
7%
72260 Courgains
7%
72140 Crissé
7%
72200 Crosmières
7%
72390 Dollon
7%
72700 Étival-lès-le-Mans
7%
72800 La Chapelle-aux-Choux
7%
72400 La Chapelle-du-Bois
7%
72340 La Chartre-sur-le-Loir
7%
72320 Lamnay
7%
72390 Lavaré
7%
72260 Les Mées
7%
72450 Lombron
7%
72540 Longnes
7%
72340 Marçon
7%
72170 Maresché
7%
72170 Meurcé
7%
72260 Monhoudou
7%
72320 Montmirail
7%
72240 Neuvillalais
7%
72260 Nouans
7%
72610 Oisseau-le-Petit
7%
72300 Parcé-sur-Sarthe
7%
72430 Pirmil
7%
72260 René
7%
72140 Rouessé-Vassé
7%
72510 Saint-Jean-de-la-Motte
7%
72320 Saint-Maixent
7%
72600 Saint-Rémy-des-Monts
7%
72600 Saint-Rémy-du-Val
7%
72240 Saint-Symphorien
7%
72600 Saint-Vincent-des-Prés
7%
72390 Semur-en-Vallon
7%
72300 Solesmes
7%
72380 Souillé
7%
72220 Teloché
7%
72260 Thoigné
7%
72110 Torcé-en-Vallée
7%
72360 Verneil-le-Chétif
7%
72540 Amné
3%
72610 Ancinnes
3%
72270 Arthezé
3%
72430 Asnières-sur-Vègre
3%
72260 Avesnes-en-Saosnois
3%
72400 Avezé
3%
72500 Beaumont-Pied-de-Bœuf
3%
72340 Beaumont-sur-Dême
3%
72160 Beillé
3%
72320 Berfay
3%
72390 Bouër
3%
72270 Bousse
3%
72550 Brains-sur-Gée
3%
72340 Chahaignes
3%
72250 Challes
3%
72320 Champrond
3%
72170 Chérancé
3%
72350 Chevillé
3%
72600 Commerveil
3%
72120 Conflans-sur-Anille
3%
72290 Congé-sur-Orne
3%
72400 Cormes
3%
72270 Courcelles-la-Forêt
3%
72320 Courgenard
3%
72540 Crannes-en-Champagne
3%
72400 Dehault
3%
72160 Duneau
3%
72270 Dureil
3%
72430 Fercé-sur-Sarthe
3%
72320 Gréez-sur-Roc
3%
72110 Jauzé
3%
72300 Juigné-sur-Sarthe
3%
72400 La Bosse
3%
72240 La Chapelle-Saint-Fray
3%
72500 Lavernat
3%
72150 Le Grand-Lucé
3%
72390 Le Luart
3%
72170 Le Tronchet
3%
72340 Lhomme
3%
72600 Louvigny
3%
72800 Luché-Pringé
3%
72210 Maigné
3%
72540 Mareil-en-Champagne
3%
72200 Mareil-sur-Loir
3%
72220 Marigné-Laillé
3%
72320 Melleray
3%
72290 Mézières-sur-Ponthouin
3%
72260 Moncé-en-Saosnois
3%
72120 Montaillé
3%
72260 Nauvay
3%
72110 Nogent-le-Bernard
3%
72370 Nuillé-le-Jalais
3%
72260 Peray
3%
72600 Pizieux
3%
72350 Poillé-sur-Vègre
3%
72400 Préval
3%
72110 Prévelles
3%
72510 Requeil
3%
72240 Ruillé-en-Champagne
3%
72400 Saint-Aubin-des-Coudrais
3%
72220 Saint-Biez-en-Belin
3%
72460 Saint-Corneille
3%
72120 Sainte-Cérotte
3%
72380 Sainte-Sabine-sur-Longève
3%
72320 Saint-Jean-des-Échelles
3%
72430 Saint-Jean-du-Bois
3%
72600 Saint-Longis
3%
72170 Saint-Marceau
3%
72220 Saint-Mars-d'Outillé
3%
72130 Saint-Ouen-de-Mimbré
3%
72600 Saint-Pierre-des-Ormes
3%
72140 Saint-Rémy-de-Sillé
3%
72320 Saint-Ulphace
3%
72600 Saosnes
3%
72160 Sceaux-sur-Huisne
3%
72130 Sougé-le-Ganelon
3%
72400 Souvigné-sur-Même
3%
72290 Teillé
3%
72110 Terrehault
3%
72320 Théligny
3%
72160 Tuffé Val de la Chéronne
3%
72320 Valennes
3%
72150 Villaines-sous-Lucé
3%
72210 Voivres-lès-le-Mans
3%
72160 Vouvray-sur-Huisne
3%
72600 Aillières-Beauvoir
0%
72370 Ardenay-sur-Mérize
0%
72300 Auvers-le-Hamon
0%
72540 Auvers-sous-Montfaucon
0%
72350 Avessé
0%
72430 Avoise
0%
72200 Bazouges Cré sur Loir
0%
72240 Bernay-Neuvy-en-Champagne
0%
72610 Bérus
0%
72610 Béthon
0%
72600 Blèves
0%
72400 Boëssé-le-Sec
0%
72610 Bourg-le-Roi
0%
72110 Briosne-lès-Sables
0%
72540 Chemiré-en-Charnie
0%
72610 Chenay
0%
72610 Chérisay
0%
72310 Cogners
0%
72600 Contilly
0%
72440 Coudrecieux
0%
72800 Coulongé
0%
72150 Courdemanche
0%
72300 Courtillers
0%
72500 Dissay-sous-Courcillon
0%
72170 Doucelles
0%
72130 Douillet
0%
72120 Écorpain
0%
72540 Épineu-le-Chevreuil
0%
72500 Flée
0%
72350 Fontenay-sur-Vègre
0%
72130 Gesnes-le-Gandelin
0%
72610 Grandchamp
0%
72170 Juillé
0%
72500 La Bruère-sur-Loir
0%
72310 La Chapelle-Huon
0%
72140 Le Grez
0%
72600 Les Aulneaux
0%
72270 Ligron
0%
72610 Livet-en-Saosnois
0%
72340 Loir en Vallée
0%
72300 Louailles
0%
72600 Louzes
0%
72500 Luceau
0%
72290 Lucé-sous-Ballon
0%
72440 Maisoncelles
0%
72120 Marolles-lès-Saint-Calais
0%
72600 Marollette
0%
72170 Moitron-sur-Sarthe
0%
72130 Montreuil-le-Chétif
0%
72150 Montreuil-le-Henri
0%
72140 Mont-Saint-Jean
0%
72130 Moulins-le-Carbonnel
0%
72600 Neufchâtel-en-Saosnois
0%
72140 Neuvillette-en-Charnie
0%
72500 Nogent-sur-Loir
0%
72300 Notre-Dame-du-Pé
0%
72600 Panon
0%
72140 Parennes
0%
72140 Pezé-le-Robert
0%
72170 Piacé
0%
72300 Pincé
0%
72300 Précigné
0%
72150 Pruillé-l'Éguillé
0%
72120 Rahay
0%
72610 Rouessé-Fontaine
0%
72110 Rouperroux-le-Coquet
0%
72130 Saint-Aubin-de-Locquenay
0%
72600 Saint-Calez-en-Saosnois
0%
72170 Saint-Christophe-du-Jambet
0%
72540 Saint-Christophe-en-Champagne
0%
72110 Saint-Denis-des-Coudrais
0%
72150 Saint-Georges-de-la-Couée
0%
72110 Saint-Georges-du-Rosay
0%
72130 Saint-Georges-le-Gaultier
0%
72800 Saint-Germain-d'Arcé
0%
72120 Saint-Gervais-de-Vic
0%
72440 Saint-Mars-de-Locquenay
0%
72400 Saint-Martin-des-Monts
0%
72440 Saint-Michel-de-Chavaignes
0%
72350 Saint-Ouen-en-Champagne
0%
72610 Saint-Paterne - Le Chevain
0%
72130 Saint-Paul-le-Gaultier
0%
72500 Saint-Pierre-de-Chevillé
0%
72430 Saint-Pierre-des-Bois
0%
72150 Saint-Pierre-du-Lorouër
0%
72130 Saint-Victeur
0%
72150 Saint-Vincent-du-Lorouër
0%
72800 Savigné-sous-le-Lude
0%
72170 Ségrie
0%
72370 Soulitré
0%
72300 Souvigné-sur-Sarthe
0%
72370 Surfonds
0%
72430 Tassé
0%
72540 Tassillé
0%
72610 Thoiré-sous-Contensor
0%
72500 Thoiré-sur-Dinan
0%
72800 Thorée-les-Pins
0%
72440 Tresson
0%
72120 Val-d'Étangson
0%
72310 Vancé
0%
72170 Vernie
0%
72600 Vezot
0%
72600 Villaines-la-Carelle
0%
72400 Villaines-la-Gonais
0%
72600 Villeneuve-en-Perseigne
0%
72300 Vion
0%
72350 Viré-en-Champagne
0%
72440 Volnay
0%
Aucun quiz correspondant
Distribution des résultats
% des personnes avec chaque résultat
Percentile par nombre de réponses
Votre historique - résultats
Vous n’avez pas pris ce quiz